Statistics for Most Common Phobias

Click here to take the quiz!

General Stats

  • This quiz has been taken 77,643 times
  • The average score is 5 of 10

Answer Stats

#Fear ofPhobia% Correct
3Spiders{Arachno}phobia
93%
5Heights{Acro}phobia
75%
8Confined spaces{Claustro}phobia
63%
2Death{Necro}phobia
58%
4Darkness{Mycto}phobia
49%
9Open spaces{Agora}phobia
40%
7Flying{Aero}phobia
32%
6People / social situations{Socio}phobia
29%
1Public speaking{Glosso}phobia
28%
10Thunder and lightning{Bronto}phobia
8%

Score Distribution

Percentile by Number Answered

Percent of People with Each Score

Your Score History

You have not taken this quiz